[Event "FIDE World Rapid Team"]
[Site "Almaty KAZ"]
[Date "2024.08.03"]
[Round "8.4"]
[White "Zlotnik, Andrey"]
[Black "Agajanova, Meryem"]
[Result "1-0"]
[BlackTitle "WCM"]
[WhiteElo "2096"]
[BlackElo "2007"]
[WhiteTeam "Kyrgyz Chess Academy"]
[BlackTeam "TKM Chess"]
[WhiteFideId "54107385"]
[BlackFideId "14005930"]
[EventDate "2024.08.02"]

1. d4 Nf6 2. Nc3 d5 3. Bf4 e6 4. Nb5 Na6 5. e3 c6 6. Nc3 Nb8 7. Nf3 Bd6 8. Ne5
Qc7 9. Qf3 Nbd7 10. Nd3 O-O 11. Be2 a6 12. h4 b5 13. Qg3 Bxf4 14. Qxf4 Qxf4 15.
exf4 a5 16. a3 Bb7 17. h5 h6 18. g4 b4 19. Na4 Ba6 20. f3 Rfb8 21. g5 Ne8 22.
gxh6 gxh6 23. Ne5 Nxe5 24. fxe5 Bb5 25. Nc5 bxa3 26. bxa3 Bxe2 27. Kxe2 Ng7 28.
Rhg1 Ra7 29. Rab1 Rxb1 30. Rxb1 Nxh5 31. Rb8+ Kg7 32. Rc8 Ng3+ 33. Kd3 h5 34.
Rb8 h4 35. Rb1 Ra8 36. c3 Rh8 37. Rg1 Kf8 38. Nd7+ Ke7 39. Nf6 Nh5 40. Ng4 Nf4+
41. Ke3 Ng6 42. Rb1 h3 43. Rb7+ Kf8 44. Rb2 Kg7 45. f4 Nh4 46. Rh2 Nf5+ 47. Kf3
Rb8 48. Rxh3 Rb3 49. Ke2 Nxd4+ 50. Kd2 Rb2+ 51. Kd3 Ne2 52. Ke3 Nxc3 53. Nf6
Nd1+ 54. Kd4 Rg2 55. Ne8+ Kg6 56. Nd6 Rd2+ 57. Kc5 Rc2+ 58. Kb6 Rc3 59. Rh1 Ne3
60. Rg1+ Kh5 61. Nxf7 d4 62. Nd6 Nd5+ 63. Kb7 Nxf4 64. Ne4 Rf3 65. Kxc6 d3 66.
a4 Kh4 67. Kd6 Re3 68. Nf2 Rf3 69. Ne4 Re3 70. Nf2 Rf3 71. Ne4 Ne2 72. Rh1+ Kg4
73. Kxe6 Kf4 74. Nd2 Rg3 75. Kd6 Rg6+ 76. Kd5 Ke3 77. Nc4+ Kf2 78. Rh2+ Ke1 79.
e6 Nf4+ 80. Ke5 Nxe6 81. Kf5 Rg5+ 82. Kxe6 Rc5 83. Ne5 Rc3 84. Nf3+ Kf1 85. Rd2
Ra3 86. Ke5 Rxa4 87. Nd4 Rc4 88. Ke4 Rc8 89. Kxd3 Re8 90. Ra2 Re7 91. Nf5 Re5
92. Ne3+ Kg1 93. Rg2+ Kh1 94. Rg4 Kh2 95. Ke2 Kh3 96. Rg8 Re6 97. Kf3 Rf6+ 98.
Ke4 a4 99. Nd5 Rf1 100. Nf4+ Kh2 101. Rg2+ Kh1 102. Ra2 Rb1 103. Kf3 Rb3+ 104.
Ke4 a3 105. Nd3 Rb8 106. Kf3 Rb3 107. Ke3 Kg1 108. Ke4 Kh1 109. Kd4 Kg1 110. Kc4
Rb8 111. Kc3 Rc8+ 112. Kd4 Ra8 113. Ke4 Rf8 114. Nf4 Rb8 115. Nd5 Rb2 116. Ra1+
Kf2 117. Rxa3 Rc2 118. Rf3+ Kg1 119. Rg3+ Rg2 120. Ra3 Rf2 121. Ne3 Rf8 122.
Ra1+ Kh2 123. Nf5 Rb8 124. Kf3 Rf8 125. Kf4 Rb8 126. Rf1 Rb3 127. Ne3 Rb8 128.
Ng4+ Kg2 129. Rf2+ Kg1 130. Ra2 Rb3 131. Ne5 Kf1 132. Nf3 Rb4+ 133. Ke3 Rb2 134.
Ra1+ Kg2 135. Ne1+ Kg3 136. Nd3 Rb8 137. Rg1+ Kh2 138. Rg7 Rf8 139. Nf4 Ra8 140.
Rh7+ Kg3 141. Rg7+ Kh2 142. Rg2+ Kh1 143. Rf2 Ra3+ 144. Nd3 Kg1 145. Rd2 Ra8
146. Kf3 Rf8+ 147. Nf4 Ra8 148. Nh3+ Kh1 149. Ng5 Ra3+ 150. Kg4 Kg1 151. Nf3+
Kf1 152. Kg3 Ra2 153. Nh2+ 1-0

[Event "FIDE World Rapid Team"]
[Site "Almaty KAZ"]
[Date "2024.08.03"]
[Round "8.5"]
[White "Ezizov, Muhammet"]
[Black "Samaganova, Aleksandra"]
[Result "0-1"]
[BlackTitle "WFM"]
[WhiteElo "1909"]
[BlackElo "1948"]
[WhiteTeam "TKM Chess"]
[BlackTeam "Kyrgyz Chess Academy"]
[WhiteFideId "14003759"]
[BlackFideId "13800221"]
[EventDate "2024.08.02"]

1. c4 c5 2. g3 g6 3. Bg2 Bg7 4. Nf3 Nc6 5. O-O e5 6. d3 Nge7 7. Nc3 d6 8. Bd2 a6
9. a3 Rb8 10. Rb1 b5 11. cxb5 axb5 12. b4 cxb4 13. axb4 O-O 14. e4 h6 15. h3 Be6
16. Qc1 Kh7 17. Rd1 Qd7 18. Kh2 Rfc8 19. Qb2 d5 20. Ne2 f5 21. Nfg1 fxe4 22.
dxe4 d4 23. Nc1 Bc4 24. Bf1 Rf8 25. Kg2 Ra8 26. Nb3 Nc8 27. Qc2 Nd6 28. f3 Qf7
29. Na5 Rfc8 30. Bxc4 Nxc4 31. Nxc4 bxc4 32. b5 Na5 33. Bxa5 Rxa5 34. Kh1 c3 35.
Ra1 Rxb5 36. Rdb1 Rcb8 37. Qd3 Rxb1 38. Rxb1 Rxb1 39. Qxb1 Qc4 40. f4 d3 41. Qb7
c2 42. f5 gxf5 43. exf5 c1=Q 44. f6 Qc6+ 0-1

[Event "FIDE World Rapid Team"]
[Site "Almaty KAZ"]
[Date "2024.08.03"]
[Round "8.6"]
[White "Tynybekov, Bakyt"]
[Black "Sholpanbek, Zhansaya"]
[Result "1-0"]
[WhiteElo "1795"]
[BlackElo "1752"]
[WhiteTeam "Kyrgyz Chess Academy"]
[BlackTeam "TKM Chess"]
[WhiteFideId "13803360"]
[BlackFideId "13775111"]
[EventDate "2024.08.02"]

1. b3 Nf6 2. Bb2 g6 3. f4 Bg7 4. Nf3 O-O 5. g3 d6 6. Bg2 Nc6 7. O-O Re8 8. d4
Ne4 9. Nbd2 Bf5 10. e3 f6 11. Nh4 Nxd2 12. Qxd2 d5 13. Nxf5 gxf5 14. c4 e6 15.
cxd5 exd5 16. Qd3 Qd7 17. Qb5 Rad8 18. Rac1 Rxe3 19. Qxb7 Re6 20. Rc5 Rb8 21.
Qa6 Rd6 22. Qe2 Re8 23. Qh5 Nb4 24. Ba3 Rb8 25. Bh3 Qe7 26. Bxf5 Qe3+ 27. Kh1 h6
28. Rxc7 Rdb6 29. Qf7+ Kh8 30. Qxg7# 1-0

[Event "FIDE World Rapid Team"]
[Site "Almaty KAZ"]
[Date "2024.08.03"]
[Round "8.7"]
[White "Ten, Viktor"]
[Black "Suleimen, Ergali"]
[Result "0-1"]
[BlackTitle "FM"]
[WhiteElo "2236"]
[BlackElo "2334"]
[WhiteTeam "Chess Mates"]
[BlackTeam "GMs Kazahhstan"]
[WhiteFideId "13700820"]
[BlackFideId "13724452"]
[EventDate "2024.08.02"]

1. e4 c5 2. g3 Nc6 3. Bg2 g6 4. Ne2 Bg7 5. O-O e5 6. c4 Nge7 7. Nbc3 d6 8. d3
Be6 9. Nd5 O-O 10. Rb1 Qd7 11. a3 Nd4 12. Nxd4 cxd4 13. b4 Nxd5 14. exd5 Bh3 15.
Bxh3 Qxh3 16. Bd2 Qd7 17. Qb3 b6 18. Rfc1 Rac8 19. c5 bxc5 20. bxc5 dxc5 21. Ba5
h5 22. Qb7 Qd6 23. Qxa7 Qxd5 24. Qb7 Qe6 25. Bc7 Qa2 26. Bd6 Rfe8 27. Rxc5 Rxc5
28. Bxc5 Qc2 29. Bd6 Qxd3 30. a4 e4 31. Qb5 Ra8 32. Qxd3 exd3 33. Rd1 Rxa4 34.
Rxd3 Rc4 35. Kf1 Rc3 36. Ke2 Rc6 37. Bf4 Kf8 38. h3 Ke7 39. Ra3 Ke6 40. g4 hxg4
41. hxg4 Be5 42. Bd2 Rb6 43. Kd3 Bd6 0-1

[Event "FIDE World Rapid Team"]
[Site "Almaty KAZ"]
[Date "2024.08.03"]
[Round "8.8"]
[White "Balmagambetov, Timur"]
[Black "Bolat, Inayat"]
[Result "1-0"]
[BlackTitle "FM"]
[WhiteElo "2154"]
[BlackElo "2264"]
[WhiteTeam "GMs Kazahhstan"]
[BlackTeam "Chess Mates"]
[WhiteFideId "13730258"]
[BlackFideId "13733125"]
[EventDate "2024.08.02"]

1. e4 e5 2. Nf3 Nc6 3. Bb5 a6 4. Ba4 Nf6 5. O-O Be7 6. Re1 b5 7. Bb3 d6 8. c3
O-O 9. h3 Bd7 10. d4 a5 11. d5 a4 12. Bc2 Na5 13. Nbd2 c6 14. dxc6 Bxc6 15. Nf1
Qc7 16. Ng3 g6 17. Qe2 Rfe8 18. Bg5 Rac8 19. Rad1 Nc4 20. b3 Nb6 21. Bd3 axb3
22. axb3 d5 23. Bxf6 Bxf6 24. Bxb5 Bg7 25. h4 dxe4 26. Nxe4 Nd5 27. Bxc6 Qxc6
28. c4 Nf4 29. Qe3 Rcd8 30. g3 Ne6 31. Neg5 Rxd1 32. Rxd1 h6 33. Nxe6 Qxe6 34.
Rd5 f5 35. b4 f4 36. Qe4 fxg3 37. fxg3 Ra8 38. Kg2 Kh8 39. Rd2 Rb8 40. c5 Qf7
41. Nxe5 Qb3 42. Nxg6+ Kg8 43. Ne7+ Kh8 44. Nc6 Rf8 45. Rf2 Rxf2+ 46. Kxf2 Qb2+
47. Kf3 Qb3+ 48. Kg2 Qb2+ 49. Kh3 Qf6 50. Kh2 Qb2+ 51. Qg2 Qc3 52. Ne7 Qa3 53.
c6 1-0

[Event "FIDE World Rapid Team"]
[Site "Almaty KAZ"]
[Date "2024.08.03"]
[Round "8.9"]
[White "Skak, Abuali"]
[Black "Assylov, Miras"]
[Result "0-1"]
[BlackTitle "FM"]
[WhiteElo "1969"]
[BlackElo "2300"]
[WhiteTeam "Chess Mates"]
[BlackTeam "GMs Kazahhstan"]
[WhiteFideId "13739026"]
[BlackFideId "13728873"]
[EventDate "2024.08.02"]

1. e4 c5 2. Nf3 e6 3. d4 cxd4 4. Nxd4 Nf6 5. Nc3 d6 6. g3 Be7 7. Bg2 O-O 8. O-O
Nc6 9. h3 Bd7 10. Nb3 Rc8 11. f4 b5 12. Be3 b4 13. Nb5 d5 14. e5 Ne4 15. Bxe4
dxe4 16. Nd6 Rb8 17. Nxe4 Qc7 18. Bc5 Rfd8 19. Bxe7 Nxe7 20. Nd6 Bc6 21. Qe2 Bd5
22. Qf2 Nc8 23. Nxc8 Rbxc8 24. Nd4 Ba8 25. Rad1 h6 26. Kh2 Rd5 27. Rd2 Rcd8 28.
Rfd1 Qb7 29. c3 a5 30. h4 a4 31. a3 bxc3 32. bxc3 Rc8 33. Rd3 Qe7 34. Nc2 Rxd3
35. Rxd3 Qb7 36. Rd1 Qb3 37. Rd2 Qxc3 38. h5 Qc6 39. Qf1 Qe4 40. Nd4 Rd8 41. Nf3
Rb8 42. Nd4 Rb1 43. Qd3 0-1

[Event "FIDE World Rapid Team"]
[Site "Almaty KAZ"]
[Date "2024.08.03"]
[Round "8.10"]
[White "Petukhov, Alan"]
[Black "Akhmedya, Madyar"]
[Result "1-0"]
[WhiteElo "2224"]
[BlackElo "1786"]
[WhiteTeam "GMs Kazahhstan"]
[BlackTeam "Chess Mates"]
[WhiteFideId "13731190"]
[BlackFideId "13739727"]
[EventDate "2024.08.02"]

1. c4 e5 2. Nc3 Nc6 3. Nf3 g6 4. d4 exd4 5. Nxd4 Bg7 6. Nxc6 bxc6 7. g3 Nf6 8.
Bg2 O-O 9. O-O Bb7 10. Qb3 Rb8 11. Be3 Ba8 12. Qa3 a5 13. Rad1 Re8 14. Bd4 Qe7
15. Qxa5 d6 16. b4 Bb7 17. Qg5 h6 18. Qe3 Qxe3 19. Bxe3 Ng4 20. Bd4 Ne5 21. c5
d5 22. e4 Ba6 23. b5 cxb5 24. Nxd5 Rbc8 25. f4 Nc4 26. Bh3 Rcd8 27. Bxg7 Kxg7
28. Nxc7 Bb7 29. Nxe8+ Rxe8 30. Rfe1 Bxe4 31. Bd7 Re7 32. Bc6 f5 33. Bxb5 Na3
34. Rd7 Rxd7 35. Bxd7 Nc2 36. Rc1 Nb4 37. c6 Nxa2 38. c7 Bb7 39. Rb1 Ba6 40. Ra1 1-0

[Event "FIDE World Rapid Team"]
[Site "Almaty KAZ"]
[Date "2024.08.03"]
[Round "8.11"]
[White "Muratova, Anel"]
[Black "Kaliakhmet, Elnaz"]
[Result "0-1"]
[BlackTitle "WFM"]
[WhiteElo "1892"]
[BlackElo "2137"]
[WhiteTeam "Chess Mates"]
[BlackTeam "GMs Kazahhstan"]
[WhiteFideId "13707205"]
[BlackFideId "13730169"]
[EventDate "2024.08.02"]

1. e4 c5 2. Nf3 Nc6 3. c3 d5 4. exd5 Qxd5 5. d4 Nf6 6. Be2 e6 7. Na3 cxd4 8. Nb5
Qd8 9. Nbxd4 Bd7 10. O-O Bc5 11. Bg5 h6 12. Bh4 Nxd4 13. cxd4 Be7 14. Ne5 Nd5
15. Bxe7 Nxe7 16. Qb3 Bc6 17. Bb5 Qxd4 18. Rfe1 O-O 19. Rad1 Qb6 20. Bxc6 Qxb3
21. axb3 Nxc6 22. Nc4 Rfd8 23. Nd6 Rd7 24. Ne4 Rad8 25. Rc1 Nd4 26. b4 b6 27. h3
f6 28. Kh2 Kf7 29. h4 h5 30. Kh3 e5 31. Rc3 Ne6 32. g3 Rd4 33. b5 R4d5 34. Ra1
R8d7 35. Rca3 Rxb5 36. Rxa7 Rxa7 37. Rxa7+ Kf8 38. Nd6 Rxb2 39. Rf7+ Kg8 40. Re7
Nd4 41. Kg2 b5 42. Re8+ Kh7 43. Re7 Kg6 44. Ne8 Nf5 45. Rb7 e4 46. Kf1 b4 47.
Nc7 e3 48. fxe3 Nxe3+ 49. Ke1 b3 50. Ne6 Nf5 51. Nf4+ Kh6 52. Ne2 Rb1+ 53. Kd2
b2 54. Rb5 g6 55. Rb7 Nd6 56. Rb4 Rf1 57. Nc3 Rf3 58. Ne2 Rf1 59. Nc3 Rg1 60.
Kc2 Rxg3 61. Kxb2 Rh3 62. Nd5 Kg7 63. Kc2 Nf5 64. Rb7+ Kh6 65. Nxf6 Rxh4 66. Kd3
Rh3+ 67. Ke2 Nd4+ 68. Kd2 Kg5 69. Nh7+ Kf4 70. Rb4 Ke5 71. Ng5 Nf3+ 72. Nxf3+
Rxf3 73. Ke2 Ra3 74. Kf2 Kf5 75. Kg2 Ra5 76. Kg3 g5 77. Rc4 h4+ 78. Kh3 Ra3+ 79.
Kg2 Re3 80. Ra4 g4 81. Ra2 Kf4 82. Ra4+ Re4 83. Ra2 h3+ 84. Kh2 Kf3 85. Ra8 Re2+
86. Kg1 Rg2+ 87. Kh1 Rd2 88. Rf8+ Kg3 89. Rf1 Kh4 90. Rf4 Kg5 91. Ra4 g3 92. Ra1
Kg4 93. Ra4+ Kf3 94. Ra3+ Kf2 95. Ra1 Ke2 0-1

[Event "FIDE World Rapid Team"]
[Site "Almaty KAZ"]
[Date "2024.08.03"]
[Round "8.13"]
[White "Beristenov, Kair"]
[Black "Kazakov, Konstantin"]
[Result "1-0"]
[BlackTitle "IM"]
[WhiteElo "1995"]
[BlackElo "2333"]
[WhiteTeam "Future GM"]
[BlackTeam "Storm of Dragons"]
[WhiteFideId "13777831"]
[BlackFideId "13700898"]
[EventDate "2024.08.02"]

1. e4 c5 2. Nf3 e6 3. g3 Nc6 4. Bg2 Nf6 5. d3 d5 6. Qe2 Be7 7. e5 Nd7 8. c4 d4
9. h4 b6 10. O-O Bb7 11. Bf4 h6 12. h5 Nf8 13. Nbd2 g5 14. hxg6 Nxg6 15. Nh2
Nxf4 16. gxf4 Rg8 17. Ne4 Qc7 18. Kh1 O-O-O 19. Rg1 Kb8 20. a3 Rg6 21. Qh5 Rdg8
22. Bf3 Na5 23. Rxg6 Rxg6 24. Rg1 b5 25. Rxg6 fxg6 26. Qxg6 bxc4 27. dxc4 Nxc4
28. Qxe6 Nb6 29. b3 Bd5 30. Qg6 d3 31. Nd2 Qd8 32. Kg1 c4 33. bxc4 Bxf3 34.
Nhxf3 Bxa3 35. f5 Qc8 36. f6 Nxc4 37. Qxd3 Nxd2 38. Nxd2 Bc5 39. Ne4 Bb6 40. f7
Qg4+ 41. Kf1 Qf5 42. Qd6+ Kb7 43. f8=Q Qxe4 44. Qf7+ Ka6 45. Qa2+ Kb5 46. Qad5+ 1-0

[Event "FIDE World Rapid Team"]
[Site "Almaty KAZ"]
[Date "2024.08.03"]
[Round "8.14"]
[White "Isaev, Anton"]
[Black "Borumbayev, Adil"]
[Result "1/2-1/2"]
[WhiteElo "2156"]
[BlackElo "1848"]
[WhiteTeam "Storm of Dragons"]
[BlackTeam "Future GM"]
[WhiteFideId "24185132"]
[BlackFideId "13747932"]
[EventDate "2024.08.02"]

1. d4 Nf6 2. Nf3 g6 3. g3 Bg7 4. Bg2 O-O 5. O-O d6 6. a4 c5 7. dxc5 dxc5 8. a5
Bf5 9. Be3 Qxd1 10. Rxd1 Bxc2 11. Rc1 Be4 12. Nc3 Bc6 13. Bxc5 Ne4 14. Bxe7 Nxc3
15. bxc3 Re8 16. Bg5 Rxe2 17. Nd4 Re5 18. Bf4 Rc5 19. Bd6 Rxc3 20. Rxc3 Bxd4 21.
Rac1 Bxc3 22. Rxc3 Kg7 23. Be5+ f6 24. Bd6 Kf7 25. Re3 Na6 26. Re7+ Kg8 27. Bf1
Rd8 28. Re6 Kf7 29. Re7+ Kg8 30. Bc4+ Kh8 31. Re6 Kg7 32. f4 Rd7 33. Be7 Bd5 34.
Bxd5 Rxd5 35. g4 Kf7 36. Re2 Rxa5 37. Bd6 Rd5 38. Re7+ Kg8 39. Ba3 Nc5 40. Rc7
Ne6 41. Rxb7 Nxf4 42. Rxa7 Ne6 43. Kf2 Ng5 44. h4 Ne6 45. Re7 Nc5 46. Rc7 Nd3+
47. Kg3 Ne5 48. Bb2 Rd3+ 49. Kf4 Rd5 50. Bxe5 Rxe5 51. g5 Rf5+ 52. Kg4 fxg5 53.
hxg5 Rf7 54. Rc6 Kg7 55. Ra6 Rb7 56. Rc6 Rb4+ 57. Kg3 Rb7 58. Kg4 Kf7 59. Rf6+
Ke7 60. Ra6 Rd7 61. Rb6 Rd4+ 62. Kg3 Rd7 63. Kg4 Kf7 64. Rf6+ Kg7 65. Ra6 h6 66.
gxh6+ Kxh6 67. Ra4 Rd5 68. Rb4 Rg5+ 69. Kh4 Re5 70. Kg4 Re1 71. Ra4 Rg1+ 72. Kh3
Kh5 73. Ra3 Rg5 74. Rb3 Rc5 75. Kg3 Kg5 76. Ra3 Kf5 77. Rf3+ Kg5 78. Ra3 Kh5 79.
Rb3 Rc1 80. Ra3 Rg1+ 81. Kh2 Rg4 82. Kh3 Rh4+ 83. Kg3 Rh1 84. Ra5+ g5 85. Ra8
Rg1+ 86. Kf2 Rb1 87. Ra2 Rb3 88. Kg2 Kg4 89. Ra4+ Kh5 90. Ra2 Kh4 91. Ra4+ g4
92. Ra2 Rc3 93. Rb2 Rc4 94. Ra2 Rf4 95. Rb2 g3 96. Ra2 Kg4 97. Rb2 Rf2+ 98. Rxf2
gxf2 99. Kxf2 1/2-1/2

[Event "FIDE World Rapid Team"]
[Site "Almaty KAZ"]
[Date "2024.08.03"]
[Round "8.15"]
[White "Zeynyshev, Elnur"]
[Black "Dosmukhambetov, Arystan"]
[Result "0-1"]
[WhiteElo "1812"]
[BlackElo "1976"]
[WhiteTeam "Future GM"]
[BlackTeam "Storm of Dragons"]
[WhiteFideId "13719386"]
[BlackFideId "13742418"]
[EventDate "2024.08.02"]

1. e4 c5 2. Nf3 e6 3. g3 Nc6 4. Bg2 Nf6 5. Qe2 d5 6. exd5 Nxd5 7. O-O Be7 8. Rd1
Qb6 9. c3 O-O 10. Na3 Bd7 11. Nc2 Bf6 12. d4 cxd4 13. Ncxd4 Rfd8 14. Qe4 h6 15.
h4 Rac8 16. Nxc6 Bxc6 17. Qg4 Kf8 18. Nd4 Be8 19. Nb3 Bc6 20. Nd4 Bb5 21. Nxb5
Qxb5 22. Bf1 Qb6 23. Qe4 a6 24. Qe2 Qc7 25. Bg2 Ne7 26. Bf4 Qb6 27. Be3 Qc7 28.
Qf3 Nd5 29. Bd4 b5 30. Qg4 Bxd4 31. Qxd4 Kg8 32. Qe4 Qa5 33. Qe5 Nf6 34. a3 Qa4
35. Rxd8+ Rxd8 36. Bf3 Qc2 37. Qe2 Rd2 38. Qe3 Qxb2 39. Re1 Nd5 40. Qa7 Qxc3 41.
Qa8+ Kh7 42. Be4+ g6 43. Qe8 Qf6 44. Rf1 Nc3 45. Bb7 a5 46. h5 gxh5 47. Qc6 h4
48. gxh4 b4 49. axb4 axb4 50. Qc4 Rd4 51. Qc7 Rg4+ 52. Bg2 Qg7 53. Qh2 Qf6 54.
Re1 b3 55. Qh3 h5 56. Qd3+ Kg7 57. f3 Rb4 58. Qd1 0-1

[Event "FIDE World Rapid Team"]
[Site "Almaty KAZ"]
[Date "2024.08.03"]
[Round "8.16"]
[White "Akhmet, Suleyman"]
[Black "Karepov, Ilya"]
[Result "1-0"]
[WhiteElo "1730"]
[BlackElo "1719"]
[WhiteTeam "Storm of Dragons"]
[BlackTeam "Future GM"]
[WhiteFideId "13752111"]
[BlackFideId "13728938"]
[EventDate "2024.08.02"]

1. d4 Nf6 2. c4 g6 3. h4 d6 4. Nc3 Bg7 5. e4 O-O 6. Be2 Nbd7 7. h5 c5 8. d5 b5
9. cxb5 a6 10. hxg6 fxg6 11. bxa6 Bxa6 12. Nf3 Ng4 13. Bxa6 Rxa6 14. Qe2 Rb6 15.
Ng5 Qb8 16. Qxg4 Rxb2 17. Qe6+ 1-0

[Event "FIDE World Rapid Team"]
[Site "Almaty KAZ"]
[Date "2024.08.03"]
[Round "8.17"]
[White "Nauanova Zhaniya"]
[Black "Kim, Kristina"]
[Result "1-0"]
[BlackTitle "WCM"]
[WhiteElo "1835"]
[BlackElo "1943"]
[WhiteTeam "Future GM"]
[BlackTeam "Storm of Dragons"]
[WhiteFideId "13780956"]
[BlackFideId "13712438"]
[EventDate "2024.08.02"]

1. c4 Nf6 2. Nc3 g6 3. g3 Bg7 4. Bg2 O-O 5. Nf3 d6 6. O-O Nc6 7. d4 e5 8. dxe5
Nxe5 9. Nxe5 dxe5 10. Qxd8 Rxd8 11. Bg5 c6 12. Ne4 Nxe4 13. Bxd8 Nd6 14. Rfd1
Nxc4 15. b3 Nb2 16. Rd2 e4 17. Rb1 Bf5 18. Bg5 e3 19. Rdxb2 Bxb1 20. Rxb1 exf2+
21. Kxf2 h6 22. Be3 Re8 23. Rd1 Re5 24. Bf3 Rb5 25. Rc1 Ra5 26. a4 Bf8 27. Rd1
Rf5 28. Rd8 g5 29. g4 Re5 30. Bd4 Ra5 31. b4 Rxa4 32. Bc5 Kg7 33. Bxf8+ Kh7 34.
Be4+ Kg8 35. Bxh6# 1-0

[Event "FIDE World Rapid Team"]
[Site "Almaty KAZ"]
[Date "2024.08.03"]
[Round "8.18"]
[White "Kertaev, Natan"]
[Black "Omar, Temirlan"]
[Result "1-0"]
[WhiteElo "1828"]
[BlackElo "1874"]
[WhiteTeam "Storm of Dragons"]
[BlackTeam "Future GM"]
[WhiteFideId "13711555"]
[BlackFideId "13723960"]
[EventDate "2024.08.02"]

1. d4 d5 2. c4 e6 3. Nc3 Nf6 4. Bg5 Be7 5. e3 h6 6. Bxf6 Bxf6 7. Nf3 c6 8. Bd3
Nd7 9. O-O O-O 10. Rc1 g6 11. b4 a5 12. b5 dxc4 13. Bxc4 Nb6 14. Be2 Bd7 15. a4
cxb5 16. Bxb5 Rc8 17. Qb3 Bxb5 18. Qxb5 Nd5 19. Ne4 Rc7 20. h3 Bg7 21. Nc5 b6
22. Nd3 Nc3 23. Qb2 Nxa4 24. Qb3 b5 25. Qxb5 Nc3 26. Qb2 Qb8 27. Qd2 Ne4 28.
Qxa5 Rfc8 29. Rb1 Rb7 30. Ra1 Qd6 31. Qa6 Qxa6 32. Rxa6 Rb3 33. Nde5 Bxe5 34.
Nxe5 Rc7 35. Rc6 Rxc6 36. Nxc6 Rc3 37. Ne5 Rc2 38. f3 Nd6 39. Ra1 Nf5 40. Ra8+
Kg7 41. e4 Nxd4 42. Ra7 Ne2+ 43. Kh1 Kf6 44. Nxf7 Ng3+ 45. Kh2 Nf1+ 46. Kh1 Ng3+
47. Kg1 Ne2+ 48. Kh1 Ng3+ 49. Kh2 Nf1+ 50. Kg1 Ne3 51. g4 g5 52. e5+ Kg7 53.
Nxg5+ Kg6 54. Nxe6 h5 55. Rg7+ Kh6 56. g5# 1-0

[Event "FIDE World Rapid Team"]
[Site "Almaty KAZ"]
[Date "2024.08.03"]
[Round "8.19"]
[White "Shonazarov, Orash"]
[Black "Khusnutdinov, Rustam"]
[Result "0-1"]
[WhiteTitle "FM"]
[BlackTitle "GM"]
[WhiteElo "2277"]
[BlackElo "2429"]
[WhiteTeam "Chess Empire"]
[BlackTeam "Helicopter"]
[WhiteFideId "13737910"]
[BlackFideId "13701703"]
[EventDate "2024.08.02"]

1. e4 d5 2. exd5 Qxd5 3. Nc3 Qa5 4. d4 Nf6 5. Nf3 Bf5 6. Ne5 c6 7. Bd3 Bxd3 8.
Qxd3 e6 9. O-O Be7 10. Qg3 O-O 11. Bh6 Ne8 12. Be3 Nd6 13. Qf3 Na6 14. Ne4 Qd5
15. Nxd6 Bxd6 16. Qxd5 cxd5 17. Nd3 Nc7 18. a4 Rfc8 19. c3 Ne8 20. a5 Rc6 21.
Ra4 Nc7 22. Rfa1 f6 23. Bf4 Bxf4 24. Nxf4 Rc8 25. Rb4 Rb8 26. Kf1 Kf7 27. h4 Ke7
28. Ke2 Kd6 29. Kd2 Na6 30. Rb3 Rc7 31. Re1 Re7 32. Ra3 Rbe8 33. Raa1 g6 34. Nd3
e5 35. dxe5+ fxe5 36. f3 Nc5 37. Nxc5 Kxc5 38. a6 b5 39. Re3 e4 40. f4 h5 41. g3
Re6 42. Kc2 Rc6 43. b4+ Kb6 44. Kb3 Rc4 45. Rd1 Kc6 46. Re2 d4 47. Rxd4 Rxd4 48.
cxd4 Kd5 49. Kc3 Rc8+ 50. Kb3 Rc4 51. Re1 Rxd4 52. Rc1 e3 53. Rc5+ Ke4 54. Rxb5
Kd3 55. Re5 e2 56. Rxe2 Kxe2 57. b5 Rd6 58. Kc4 Kf3 59. Kc5 Rb6 0-1

[Event "FIDE World Rapid Team"]
[Site "Almaty KAZ"]
[Date "2024.08.03"]
[Round "8.20"]
[White "Gubaydulin, Talgat"]
[Black "Nurgalimov, Chingis"]
[Result "1-0"]
[WhiteTitle "IM"]
[WhiteElo "2385"]
[BlackElo "2035"]
[WhiteTeam "Helicopter"]
[BlackTeam "Chess Empire"]
[WhiteFideId "14202174"]
[BlackFideId "4194292"]
[EventDate "2024.08.02"]

1. e4 c5 2. Nf3 e6 3. d4 cxd4 4. Nxd4 a6 5. c4 Nf6 6. Nc3 d6 7. Be2 Qc7 8. O-O
b6 9. f4 Bb7 10. Bf3 Nbd7 11. Be3 Rc8 12. Rc1 Qb8 13. g4 Qa8 14. Nd5 exd5 15.
exd5 Be7 16. g5 O-O 17. Nf5 Rfe8 18. gxf6 Bxf6 19. Bd4 Qb8 20. Kh1 b5 21. Rg1 g6
22. Bxf6 Nxf6 23. Qd4 Re6 24. Nh4 Qa8 25. Rgf1 Rxc4 26. Rxc4 Nxd5 27. Rc2 Ne3
28. Rcf2 Bxf3+ 29. Nxf3 Nxf1 30. Rxf1 Qc6 31. Kg1 Re2 32. Rf2 Re1+ 33. Nxe1 1-0

[Event "FIDE World Rapid Team"]
[Site "Almaty KAZ"]
[Date "2024.08.03"]
[Round "8.21"]
[White "Ermekbaev, Iliyas"]
[Black "Rodionov, Adil"]
[Result "0-1"]
[WhiteElo "1621"]
[BlackElo "2353"]
[WhiteTeam "Chess Empire"]
[BlackTeam "Helicopter"]
[WhiteFideId "13784420"]
[BlackFideId "13701266"]
[EventDate "2024.08.02"]

1. e4 c5 2. Nf3 Nc6 3. d4 cxd4 4. Nxd4 g6 5. Nc3 Bg7 6. Be3 Nf6 7. Nxc6 bxc6 8.
e5 Ng8 9. Bd4 Qa5 10. Bc4 Bxe5 11. O-O Nf6 12. Re1 d6 13. f4 Bxd4+ 14. Qxd4 Qb6
15. Rad1 d5 16. Bb3 Qxd4+ 17. Rxd4 e6 18. Ba4 Bd7 19. Rd3 Rb8 20. b3 Ke7 21. Ne2
Ne4 22. Nd4 Nc5 23. Rc3 Nxa4 24. bxa4 Kd6 25. Nb3 Rb4 26. Nc5 Rhb8 27. Na6 Rb1
28. Nxb8 Rxe1+ 29. Kf2 Re4 30. Rb3 Rxf4+ 31. Kg3 Rxa4 32. Rb7 Bc8 33. Rxf7 Rb4
34. Rxa7 Rxb8 35. Rxh7 e5 36. Rh8 Kc7 37. Rh7+ Bd7 38. Rg7 Ra8 39. Rxg6 Ra3+ 40.
Kh4 Rxa2 41. c4 dxc4 42. Kg3 c3 43. Rf6 c2 44. Rf1 Rb2 45. Rc1 Bf5 0-1

[Event "FIDE World Rapid Team"]
[Site "Almaty KAZ"]
[Date "2024.08.03"]
[Round "8.22"]
[White "Primbetov, Kazbek"]
[Black "Sartbayev, Askar"]
[Result "1-0"]
[WhiteTitle "FM"]
[WhiteElo "2059"]
[BlackElo "1702"]
[WhiteTeam "Helicopter"]
[BlackTeam "Chess Empire"]
[WhiteFideId "13702297"]
[BlackFideId "13751190"]
[EventDate "2024.08.02"]

1. d4 Nf6 2. c4 g6 3. Nc3 Bg7 4. e4 d6 5. Nf3 O-O 6. Be2 e5 7. d5 a5 8. Bg5 h6
9. Bh4 Na6 10. Nd2 Qe8 11. O-O Nh7 12. a3 h5 13. f3 Bd7 14. b3 Bh6 15. Rb1 Be3+
16. Kh1 g5 17. Bf2 Bxf2 18. Rxf2 f5 19. exf5 Bxf5 20. Nde4 Nc5 21. Nxc5 dxc5 22.
Bd3 Qg6 23. Bxf5 Rxf5 24. Ne4 Nf6 25. Nxc5 g4 26. Ne6 g3 27. Re2 e4 28. fxe4 Re5
29. Qd4 Rxe4 30. Rxe4 Nxe4 31. Re1 Nf2+ 32. Kg1 Qf5 33. Qg7# 1-0